Vaisheshik darshan ke pramukh pramanik granthon ke sandharbh mein sarvdevacarya rachit praman manjari ka vevechnatmak adhyayan (Record no. 872391)

MARC details
000 -LEADER
fixed length control field 00942nam a2200265Ia 4500
003 - CONTROL NUMBER IDENTIFIER
control field OSt
005 - DATE AND TIME OF LATEST TRANSACTION
control field 20220930082027.0
008 - FIXED-LENGTH DATA ELEMENTS--GENERAL INFORMATION
fixed length control field 220926b |||||||| |||| 00| 0 hin d
037 ## - SOURCE OF ACQUISITION
Terms of availability Theses
040 ## - CATALOGING SOURCE
Original cataloging agency CRL
Transcribing agency CRL
Language of cataloging hin
041 ## - LANGUAGE CODE
Source of code hin
Language code of text/sound track or separate title hin
100 ## - MAIN ENTRY--PERSONAL NAME
Personal name Rathor Bhupender Kumar
9 (RLIN) 542595
110 ## - MAIN ENTRY--CORPORATE NAME
Corporate name or jurisdiction name as entry element Kota University, Kota. Rajkiya Mahavidhyalya, Kota. Department of Sanskrit
9 (RLIN) 542596
245 #0 - TITLE STATEMENT
Title Vaisheshik darshan ke pramukh pramanik granthon ke sandharbh mein sarvdevacarya rachit praman manjari ka vevechnatmak adhyayan
Remainder of title Mool pathanuvaad sahit
260 ## - PUBLICATION, DISTRIBUTION, ETC.
Date of publication, distribution, etc. 2008
300 ## - PHYSICAL DESCRIPTION
Extent 361p.
-- p.
Dimensions cm.
650 ## - SUBJECT ADDED ENTRY--TOPICAL TERM
Topical term or geographic name entry element SANSKRIT
700 ## - ADDED ENTRY--PERSONAL NAME
Personal name Dr. Sudesh Ahuja Gu.
9 (RLIN) 542597
700 ## - ADDED ENTRY--PERSONAL NAME
Personal name Kota University, Kota. Rajkiya Mahavidhyalya, Kota. Department of Sanskrit
9 (RLIN) 542598
942 ## - ADDED ENTRY ELEMENTS (KOHA)
Koha item type Dissertations
Source of classification or shelving scheme Colon Classification (CC)
Holdings
Withdrawn status Lost status Damaged status Not for loan Home library Current library Date acquired Total Checkouts Barcode Date last seen Price effective from Koha item type
        Central Library Central Library 2022-09-30   TH0017272 2022-09-30 2022-09-30 Thesis
Copyright @ Delhi University Library System